[Event "BL 0506 SV Mülheim Nord - SFR Neukölln"]
[Site "?"]
[Date "2005.10.23"]
[Round "2.3"]
[White "Polzin, Rainer"]
[Black "Levin, Felix"]
[Result "1/2-1/2"]
[WhiteElo "2514"]
[BlackElo "2506"]
[PlyCount "53"]
[EventDate "2005.??.??"]

1. e4 e5 2. Nf3 Nf6 3. Nc3 Nc6 4. a3 g6 5. Nxe5 Nxe5 6. d4 Nc6 7. d5 Bg7 8.
dxc6 bxc6 9. Bc4 O-O 10. O-O d6 11. Re1 Nd7 12. Be3 Nb6 13. Bb3 Re8 14. Bd4 Be6
15. Bxg7 Kxg7 16. Bxe6 Rxe6 17. Qd3 a5 18. Ne2 c5 19. Nc3 Qe8 20. Re3 a4 21.
Rf1 Qe7 22. Rh3 Qf6 23. Rd1 h5 24. Rf3 Qe7 25. Re3 c6 26. Rde1 Qf6 27. Rd1
1/2-1/2

[Event "BL 0506 SV Mülheim Nord - SFR Neukölln"]
[Site "?"]
[Date "2005.10.23"]
[Round "2.5"]
[White "Borriss, Martin Dr"]
[Black "Saltaev, Mihail"]
[Result "0-1"]
[WhiteElo "2424"]
[BlackElo "2498"]
[PlyCount "124"]
[EventDate "2005.??.??"]

1. e4 c6 2. d4 d5 3. e5 Bf5 4. Be3 Qb6 5. Qc1 e6 6. c4 Bxb1 7. Rxb1 Bb4+ 8. Kd1
dxc4 9. Bxc4 Qd8 10. Nf3 Ne7 11. a3 Ba5 12. Ke2 Nf5 13. Qc2 Bb6 14. Rbd1 Nxe3
15. fxe3 Nd7 16. Rhf1 Qe7 17. Qe4 O-O-O 18. b4 Kb8 19. Qg4 h6 20. Nd2 f5 21.
Qf3 g5 22. Nb3 Rhe8 23. Rb1 g4 24. Qf2 Ka8 25. Rfc1 h5 26. Nc5 Bxc5 27. bxc5
Nf8 28. Rb4 Ng6 29. Rcb1 Rd7 30. Ke1 Qg5 31. g3 h4 32. Bf1 hxg3 33. hxg3 Qd8
34. Bg2 Ne7 35. Qb2 Qc8 36. Qb3 Nd5 37. Bxd5 exd5 38. Kd2 Rh8 39. Qd3 Rf7 40.
Rf1 Rh3 41. Rg1 Qh8 42. Kc3 f4 43. gxf4 Rxf4 44. Rb2 Re4 45. Re2 Rf3 46. Qd2
Qh6 47. Kc2 b6 48. cxb6 axb6 49. Rb1 c5 50. dxc5 Qc6 51. Kb2 Qb5+ 52. Ka2 Qxc5
53. Qd3 Ka7 54. Rh2 Rf7 55. Rb5 Rxe3 56. Rxc5 Rxd3 57. Rc6 g3 58. Rb2 Rff3 59.
Rbxb6 Rxa3+ 60. Kb2 g2 61. Rg6 g1=Q 62. Rxg1 Kxb6 0-1

[Event "BL 0506 SV Mülheim Nord - SFR Neukölln"]
[Site "?"]
[Date "2005.10.23"]
[Round "2.6"]
[White "Hausrath, Daniel"]
[Black "Schneider, Ilja"]
[Result "1-0"]
[WhiteElo "2463"]
[BlackElo "2392"]
[PlyCount "147"]
[EventDate "2005.??.??"]

1. Nf3 d5 2. c4 d4 3. c5 e5 4. Nxe5 Bxc5 5. b4 Bd6 6. Qa4+ c6 7. Nf3 b5 8. Qc2
Ne7 9. Bb2 a5 10. Bxd4 O-O 11. bxa5 c5 12. Bb2 Nbc6 13. e3 Rxa5 14. Qc3 Nf5 15.
Bd3 Nce7 16. Qc2 c4 17. Be4 b4 18. g4 Nh6 19. Qxc4 Nxg4 20. Rg1 Be6 21. Qd4 f6
22. Bc2 Rd5 23. Qe4 Bf5 24. Qc4 Bxc2 25. Qxc2 Nxh2 26. Nxh2 Bxh2 27. Rh1 Rh5
28. Qb3+ Kh8 29. d3 Qa8 30. e4 Qb8 31. Nd2 Rh6 32. Nf3 Bf4 33. Rg1 Rh3 34. Nd4
Qc8 35. Ne6 Rxd3 36. Qxd3 Qxe6 37. Kf1 Nc6 38. Rd1 Qxa2 39. Qd7 Qc4+ 40. Rd3
Bh6 41. Qd5 Qc2 42. Qd6 Rg8 43. Bxf6 Qc1+ 44. Rd1 Qc4+ 45. Rd3 b3 46. Qd5 Qc1+
47. Rd1 b2 48. Bxb2 Qxb2 49. Qxc6 Be3 50. Rg2 Rf8 51. Kg1 Bxf2+ 52. Kh1 Qe2 53.
Qd5 h6 54. Qd3 Qh5+ 55. Rh2 Bh4 56. Qe2 Qg5 57. Rg1 Qf4 58. Qg4 Qxg4 59. Rxg4
g5 60. Re2 h5 61. Rg1 Kg7 62. Kg2 Kg6 63. Rd1 g4 64. Rd6+ Kg7 65. Rb2 Bf6 66.
Rb5 Re8 67. Rbb6 Bh4 68. Rd4 Rf8 69. Rd7+ Rf7 70. Rd2 Rf3 71. Rb7+ Kg6 72. Rd5
Rg3+ 73. Kf1 Rf3+ 74. Ke2 1-0

[Event "BL 0506 SV Mülheim Nord - SFR Neukölln"]
[Site "?"]
[Date "2005.10.23"]
[Round "2.7"]
[White "Thiede, Lars"]
[Black "Wegener, Olaf"]
[Result "1-0"]
[WhiteElo "2417"]
[BlackElo "2404"]
[PlyCount "115"]
[EventDate "2005.??.??"]

1. g3 Nf6 2. c4 e6 3. Nf3 d5 4. b3 d4 5. Bg2 Nc6 6. O-O e5 7. Bb2 a5 8. e3 Be7
9. Na3 O-O 10. Nb5 Bc5 11. a3 Bg4 12. h3 Bh5 13. exd4 exd4 14. g4 Bg6 15. d3
Ne8 16. Ne1 f5 17. f4 fxg4 18. hxg4 Qh4 19. Bd5+ Bf7 20. Ng2 Qd8 21. Be4 Qd7
22. Qf3 Nd6 23. Nxd6 Qxd6 24. Qh3 g6 25. Rf3 Rae8 26. Qh6 Qf6 27. g5 Qg7 28.
Qxg7+ Kxg7 29. Ne3 Rxe4 30. dxe4 Re8 31. Nd5 Rxe4 32. Nxc7 Bd6 33. Nd5 Bxd5 34.
cxd5 Ne7 35. Rd1 Nf5 36. Rdf1 Ne7 37. Kh1 Nxd5 38. Rd3 Nxf4 39. Rxd4 Rxd4 40.
Bxd4+ Kg8 41. a4 Nd5 42. Rd1 Bf4 43. Be5 Bxe5 44. Rxd5 Bc3 45. Rd8+ Kf7 46.
Rd7+ Ke6 47. Rxb7 Kf5 48. Rb5+ Ke4 49. Kg2 Ke3 50. Rb7 Kf4 51. Rb5 Ke3 52. Kg3
Kd3 53. Kf4 Kd4 54. Kf3 Kd3 55. Rb7 Bd2 56. Rxh7 Bxg5 57. b4 axb4 58. a5 1-0

[Event "BL 0506 SV Mülheim Nord - SFR Neukölln"]
[Site "?"]
[Date "2005.10.23"]
[Round "2.8"]
[White "Kern, Guido"]
[Black "Rudolf, Henrik"]
[Result "1-0"]
[WhiteElo "2340"]
[BlackElo "2346"]
[PlyCount "93"]
[EventDate "2005.??.??"]

1. c4 Nf6 2. g3 g6 3. Bg2 Bg7 4. Nc3 O-O 5. d3 d6 6. e4 c5 7. Nge2 Nc6 8. O-O
a6 9. a3 Bd7 10. Rb1 a5 11. h3 Ne8 12. Be3 Nc7 13. a4 Nd4 14. f4 f5 15. Nb5
Nce6 16. Kh2 Bc6 17. Qd2 Qd7 18. Rbe1 Kh8 19. Bg1 Rae8 20. Nec3 Nc7 21. Nd5
Bxb5 22. axb5 Nxd5 23. Bxd4 Nb4 24. Bc3 e5 25. exf5 gxf5 26. Bxb4 axb4 27. Bd5
exf4 28. gxf4 Bd4 29. Qg2 Rxe1 30. Rxe1 b6 31. b3 Qd8 32. Qg5 Qxg5 33. fxg5
Be5+ 34. Kg2 f4 35. Kf3 Kg7 36. Re2 Kg6 37. Rg2 Re8 38. Be4+ Kg7 39. Ra2 Re7
40. Ra6 h6 41. h4 hxg5 42. hxg5 d5 43. cxd5 Bc7 44. d6 Bxd6 45. Rxb6 Re6 46.
Rc6 Kf8 47. b6 1-0

[Event "BL 0506 Hamburger SK - Solinger SG"]
[Site "?"]
[Date "2005.10.23"]
[Round "2.1"]
[White "Jussupow, Artur"]
[Black "Gustafsson, Jan"]
[Result "1/2-1/2"]
[WhiteElo "2595"]
[BlackElo "2615"]
[PlyCount "29"]
[EventDate "2005.??.??"]

1. d4 Nf6 2. Nf3 d5 3. e3 c5 4. Nbd2 cxd4 5. exd4 Nc6 6. c3 Qc7 7. Bd3 Bg4 8.
O-O e6 9. Re1 Bd6 10. Nf1 O-O 11. Bg5 Nd7 12. Bh4 Bf4 13. Bg3 Nf6 14. Bxf4 Qxf4
15. Qd2 1/2-1/2

[Event "BL 0506 Hamburger SK - Solinger SG"]
[Site "?"]
[Date "2005.10.23"]
[Round "2.3"]
[White "Sandipan, Chanda"]
[Black "Kempinski, Robert"]
[Result "0-1"]
[WhiteElo "2560"]
[BlackElo "2619"]
[PlyCount "98"]
[EventDate "2005.??.??"]

1. e4 c5 2. Nf3 d6 3. d4 cxd4 4. Nxd4 Nf6 5. Nc3 a6 6. Be2 e6 7. O-O Be7 8. f4
O-O 9. Be3 Nc6 10. Kh1 Qc7 11. a4 Re8 12. Bd3 Nb4 13. a5 Bd7 14. Qf3 Bc6 15.
Qg3 Nxd3 16. cxd3 Rac8 17. f5 e5 18. Nde2 Kh8 19. Qf3 Qd7 20. d4 exd4 21. Bxd4
Bb5 22. Rfe1 Rc4 23. Rad1 Bd8 24. b3 Rc8 25. Ra1 Bxe2 26. Rxe2 Qc6 27. Qg3 Nh5
28. Qf3 Bf6 29. Ra4 b5 30. axb6 Bxd4 31. Nd1 Qxb6 32. Qxh5 Rc1 33. Re1 Qxb3 34.
Rxd4 Qc3 35. Rf1 Qxd4 36. Qxf7 Rg8 37. Qh5 Qxe4 38. h3 Qd3 39. Re1 Qd2 40. Rg1
h6 41. Qf3 Rf8 42. Rf1 Qd4 43. g4 Re8 44. Qb3 Qc4 45. Qxc4 Rxc4 46. Nf2 a5 47.
Rd1 Re2 48. Kg1 Rcc2 49. Nh1 a4 0-1

[Event "BL 0506 Hamburger SK - Solinger SG"]
[Site "?"]
[Date "2005.10.23"]
[Round "2.4"]
[White "Hansen, Sune Berg"]
[Black "Baramidze, David"]
[Result "0-1"]
[WhiteElo "2555"]
[BlackElo "2542"]
[PlyCount "80"]
[EventDate "2005.??.??"]

1. e4 c5 2. Nf3 d6 3. d4 cxd4 4. Nxd4 Nf6 5. Nc3 a6 6. Be2 e6 7. O-O Bd7 8. a4
Nc6 9. Kh1 Nxd4 10. Qxd4 Bc6 11. f4 Be7 12. a5 d5 13. e5 Ne4 14. Nxe4 dxe4 15.
Qc3 O-O 16. Be3 Bd5 17. Qe1 Rc8 18. Rc1 f6 19. c4 Bc6 20. exf6 Bxf6 21. b4 Ba4
22. Bd1 Bc6 23. Bc2 Bh4 24. Qe2 Be7 25. Rb1 Bd6 26. Bc1 Qc7 27. Qg4 Rf5 28. Be3
Rcf8 29. Kg1 Kh8 30. g3 Qe7 31. Bd4 R8f7 32. Bc3 Bb8 33. Bd4 e5 34. Bc5 Qe6 35.
Rbd1 Bc7 36. Qe2 exf4 37. gxf4 Rxf4 38. Rxf4 Rxf4 39. b5 axb5 40. cxb5 Bxb5 0-1

[Event "BL 0506 Hamburger SK - Solinger SG"]
[Site "?"]
[Date "2005.10.23"]
[Round "2.5"]
[White "Stellwagen, Daniel"]
[Black "Reeh, Oliver"]
[Result "1/2-1/2"]
[WhiteElo "2561"]
[BlackElo "2449"]
[PlyCount "65"]
[EventDate "2005.??.??"]

1. e4 c5 2. Nf3 d6 3. d4 cxd4 4. Qxd4 a6 5. Be3 Nf6 6. Nc3 Nbd7 7. O-O-O e5 8.
Qd2 b5 9. Nh4 g6 10. g3 Be7 11. f3 Nb6 12. a3 Be6 13. f4 exf4 14. gxf4 Rc8 15.
Kb1 Bg4 16. Re1 O-O 17. Rg1 Nc4 18. Bxc4 Rxc4 19. Bd4 d5 20. Nf5 Bxf5 21. exf5
Ne4 22. Qd3 Rxd4 23. Qxd4 Bc5 24. Qd3 Nxc3+ 25. Qxc3 Bxg1 26. Rxg1 Qh4 27. Qd2
d4 28. Rg3 Qf6 29. Qd3 Re8 30. fxg6 hxg6 31. f5 Re1+ 32. Ka2 Re3 33. Rxe3
1/2-1/2

[Event "BL 0506 Hamburger SK - Solinger SG"]
[Site "?"]
[Date "2005.10.23"]
[Round "2.6"]
[White "Heinemann, Thies"]
[Black "Naumann, Alexander"]
[Result "1/2-1/2"]
[WhiteElo "2441"]
[BlackElo "2534"]
[PlyCount "169"]
[EventDate "2005.??.??"]

1. e4 c5 2. Nf3 d6 3. d4 cxd4 4. Nxd4 Nf6 5. Nc3 a6 6. f4 e5 7. Nf3 Nbd7 8. a4
Be7 9. Bd3 O-O 10. O-O exf4 11. Kh1 Nc5 12. Bxf4 Bg4 13. Qd2 Rc8 14. Be3 Ne6
15. Rae1 Bh5 16. Nh4 d5 17. exd5 Nxd5 18. Rf5 Nf6 19. Nd5 Bg6 20. Bb6 Qd6 21.
Nxe7+ Qxe7 22. Nxg6 hxg6 23. Rff1 Qd6 24. Bg1 Rfd8 25. Qe3 Nc5 26. Bc4 Rd7 27.
a5 Nce4 28. Bd3 Nc5 29. Rd1 Nxd3 30. Rxd3 Qc7 31. Rc3 Qd8 32. Rxc8 Qxc8 33. c3
Rd5 34. b4 Qd7 35. Qf4 Rf5 36. Qb8+ Kh7 37. Rxf5 gxf5 38. h3 Ne4 39. Bd4 f6 40.
Qf4 g5 41. Qb8 f4 42. Kh2 Kg7 43. h4 Kf7 44. hxg5 fxg5 45. Qe5 Qc6 46. Qg7+ Ke8
47. Qg8+ Ke7 48. Qg7+ Ke8 49. c4 f3 50. Qe5+ Kd7 51. gxf3 Nd2 52. Qg7+ Kc8 53.
Qf8+ Kd7 54. Qf7+ Kc8 55. Kg2 Nxc4 56. Qg8+ Kd7 57. Qxg5 Qe6 58. Qg4 Nd6 59.
Bc5 Nf5 60. Qe4 Qxe4 61. fxe4 Ng7 62. Kf3 Ne6 63. Kg4 Kc6 64. Kf5 Kd7 65. Be3
Nd8 66. Bc5 Ne6 67. Ke5 Nc7 68. Be3 Ne6 69. Bf2 Nc7 70. Bg3 Ne6 71. Kd5 Ng7 72.
Kc5 Ne6+ 73. Kb6 Kc8 74. Bh2 Ng5 75. e5 Ne6 76. Bg3 Nf8 77. Kc5 Kd7 78. Bf2
Ne6+ 79. Kb6 Kc8 80. Be3 Nf8 81. Kc5 Kd7 82. Bd2 Ne6+ 83. Kb6 Kc8 84. Bh6 Nd8
85. Bd2 1/2-1/2

[Event "BL 0506 Hamburger SK - Solinger SG"]
[Site "?"]
[Date "2005.10.23"]
[Round "2.7"]
[White "Smeets, Jan"]
[Black "Michaelsen, Nils"]
[Result "1-0"]
[WhiteElo "2531"]
[BlackElo "2420"]
[PlyCount "73"]
[EventDate "2005.??.??"]

1. e4 c5 2. Nf3 e6 3. c4 Nc6 4. Nc3 Nf6 5. Be2 Be7 6. O-O O-O 7. d4 cxd4 8.
Nxd4 d6 9. Be3 Bd7 10. Qd2 a6 11. Rac1 Rc8 12. b3 Nxd4 13. Bxd4 Bc6 14. f3 Qa5
15. Rfd1 Qh5 16. a4 Qg6 17. b4 Be8 18. a5 Nh5 19. Be3 d5 20. cxd5 Bxb4 21. e5
Ba4 22. Rf1 f5 23. d6 f4 24. Bd4 Bc6 25. Bd3 Qg5 26. Qb2 Bxc3 27. Rxc3 g6 28.
Qd2 Ng7 29. Be4 Bb5 30. Rxc8 Rxc8 31. Rc1 Rb8 32. Ba7 Rf8 33. Bb6 Bd7 34. Rc7
Rf7 35. Qc3 Ne8 36. Rxd7 Rxd7 37. Qc8 1-0

[Event "BL 0506 Hamburger SK - Solinger SG"]
[Site "?"]
[Date "2005.10.23"]
[Round "2.8"]
[White "Sebastian, Dirk"]
[Black "Werle, Jan"]
[Result "0-1"]
[WhiteElo "2362"]
[BlackElo "2509"]
[PlyCount "66"]
[EventDate "2005.??.??"]

1. e4 e5 2. Nf3 Nf6 3. Nxe5 d6 4. Nf3 Nxe4 5. Nc3 Nxc3 6. dxc3 Be7 7. Bf4 O-O
8. Qd2 Nd7 9. O-O-O Nf6 10. Bd3 Bg4 11. Rde1 Qd7 12. h3 Bf5 13. Nd4 Bxd3 14.
Qxd3 Rfe8 15. Kb1 Bf8 16. f3 c5 17. Nb5 Qc6 18. c4 a6 19. Nc3 b5 20. cxb5 axb5
21. Qxb5 Qc7 22. Qc4 Reb8 23. Bc1 d5 24. Nxd5 Nxd5 25. Qxd5 c4 26. c3 Ra5 27.
Qe4 Rba8 28. Rd1 Rxa2 29. Rd4 Qb8 30. Kc2 Ba3 31. Kd2 Bxb2 32. Bxb2 Qxb2+ 33.
Ke3 g5 0-1

[Event "BL 0506 SV Werder Bremen - SV Wattensch"]
[Site "?"]
[Date "2005.10.23"]
[Round "2.1"]
[White "Sargissian, Gabriel"]
[Black "Areshchenko, Alexander"]
[Result "1-0"]
[WhiteElo "2610"]
[BlackElo "2653"]
[PlyCount "87"]
[EventDate "2005.??.??"]

1. d4 Nf6 2. c4 g6 3. Nc3 d5 4. Bg5 Ne4 5. Bh4 Nxc3 6. bxc3 Bg7 7. e3 c5 8.
cxd5 Qxd5 9. Nf3 Nc6 10. Be2 cxd4 11. cxd4 O-O 12. O-O b6 13. Qb3 Be6 14. Rac1
Qe4 15. Bd3 Qxh4 16. Qxe6 fxe6 17. Nxh4 Nb4 18. Bc4 Kf7 19. Nf3 h6 20. a3 Nd5
21. Rc2 Rab8 22. e4 Nf4 23. g3 Nh3+ 24. Kg2 Ng5 25. e5 Nxf3 26. Kxf3 b5 27. Bb3
Rb6 28. Ke4 a5 29. Rfc1 a4 30. Ba2 b4 31. Rc6 Rxc6 32. Rxc6 b3 33. Bb1 h5 34.
h4 Rb8 35. f4 b2 36. Kd3 Rb3+ 37. Rc3 Rb5 38. Kc2 Rb6 39. Rc4 Rb3 40. Rc3 Rb6
41. Ba2 Bf8 42. Rc4 g5 43. fxg5 Kg6 44. Rb4 1-0

[Event "BL 0506 SV Werder Bremen - SV Wattensch"]
[Site "?"]
[Date "2005.10.23"]
[Round "2.3"]
[White "Rustemov, Alexander"]
[Black "Pelletier, Yannick"]
[Result "0-1"]
[WhiteElo "2564"]
[BlackElo "2583"]
[PlyCount "160"]
[EventDate "2005.??.??"]

1. d4 Nf6 2. c4 e6 3. Nf3 d5 4. e3 Be7 5. Nbd2 O-O 6. b3 b6 7. Bb2 Bb7 8. Bd3
Nbd7 9. O-O c5 10. cxd5 Nxd5 11. Rc1 Rc8 12. Nc4 Rc7 13. Qe2 Qa8 14. Bb1 Rfc8
15. dxc5 Rxc5 16. e4 N5f6 17. Rcd1 Ba6 18. Bd3 R5c7 19. e5 Nd5 20. Qe4 g6 21.
Be2 Nc3 22. Qe3 Nxd1 23. Rxd1 Bxc4 24. Bxc4 Nc5 25. Re1 Rd8 26. h3 a6 27. Bd4
b5 28. Bf1 Rd5 29. Qf4 Qd8 30. Be3 Rcd7 31. Rc1 Nd3 32. Bxd3 Rxd3 33. Rc6 Qa8
34. Rc2 Qd8 35. Rc6 Qa8 36. Rc2 Qb8 37. Ng5 f6 38. Nf3 fxe5 39. Qe4 R3d5 40.
Kh2 Rc7 41. Re2 Qf8 42. g4 Bf6 43. Nd2 Qd6 44. Qb1 Bg7 45. Kg2 Rd3 46. Ne4 Rd1
47. Qb2 Qd5 48. f3 b4 49. a3 Rd3 50. axb4 Rxb3 51. Qa1 Qb5 52. Qa2 Rc6 53. Bc5
Ra3 54. Qb2 Rd3 55. Qa2 Rd7 56. Kf2 Rd3 57. Ng5 Qb7 58. Qc4 Qd7 59. Qa2 Qd5 60.
Qa5 Bf6 61. Ne4 Bh4+ 62. Kg2 Qc4 63. Qa1 Ra3 64. Qb2 Rc7 65. Rd2 Rd3 66. Rxd3
Qxd3 67. Qxe5 Rf7 68. f4 Qd5 69. Bd4 Qxe5 70. Bxe5 Be7 71. Nc5 a5 72. Nxe6 Bxb4
73. Nd8 Ra7 74. f5 gxf5 75. gxf5 a4 76. f6 a3 77. f7+ Rxf7 78. Nxf7 Kxf7 79.
Kf3 Be7 80. Ke4 Bf6 0-1

[Event "BL 0506 SV Werder Bremen - SV Wattensch"]
[Site "?"]
[Date "2005.10.23"]
[Round "2.4"]
[White "Babula, Vlastimil"]
[Black "Johannessen, Leif Erlend"]
[Result "1-0"]
[WhiteElo "2593"]
[BlackElo "2564"]
[PlyCount "61"]
[EventDate "2005.??.??"]

1. d4 Nf6 2. c4 e6 3. Nf3 b6 4. a3 Bb7 5. Nc3 d5 6. cxd5 Nxd5 7. e3 g6 8. Bb5+
c6 9. Bc4 Bg7 10. O-O O-O 11. e4 Nxc3 12. bxc3 c5 13. Bg5 Qc7 14. d5 exd5 15.
exd5 Ba6 16. d6 Qd7 17. Bxa6 Nxa6 18. Re1 c4 19. Qd5 Nc5 20. Re7 Qf5 21. Qxc4
Ne6 22. Be3 Rfd8 23. Rd1 Bf8 24. Rxe6 Qxe6 25. Qxe6 fxe6 26. d7 Be7 27. Ne5 Bf6
28. Nc6 Kf7 29. c4 Be7 30. Bf4 Rg8 31. Nxe7 1-0

[Event "BL 0506 SV Werder Bremen - SV Wattensch"]
[Site "?"]
[Date "2005.10.23"]
[Round "2.5"]
[White "Holzke, Frank Dr"]
[Black "Nyback, Tomi"]
[Result "0-1"]
[WhiteElo "2479"]
[BlackElo "2563"]
[PlyCount "74"]
[EventDate "2005.??.??"]

1. e4 e5 2. Nf3 Nc6 3. Bb5 Nf6 4. O-O Nxe4 5. d4 Nd6 6. Bxc6 dxc6 7. dxe5 Nf5
8. Qxd8+ Kxd8 9. Nc3 Ne7 10. Nd4 c5 11. Nf3 Bd7 12. Ng5 Ke8 13. Re1 Bc6 14. Bf4
h6 15. Nge4 Nf5 16. Rad1 Nd4 17. Rd2 Ne6 18. Be3 Rd8 19. Red1 Rxd2 20. Rxd2 Be7
21. Nd5 Bg5 22. Nxg5 hxg5 23. f3 Bxd5 24. Rxd5 b6 25. g3 Ke7 26. Kg2 Rh5 27. g4
Rh8 28. a3 a5 29. b3 a4 30. Kg3 Ra8 31. Rd3 axb3 32. Rxb3 Ra4 33. Rc3 Nf4 34.
Bxf4 gxf4+ 35. Kh4 Ke6 36. Kg5 Kxe5 37. h4 c4 0-1

[Event "BL 0506 SV Werder Bremen - SV Wattensch"]
[Site "?"]
[Date "2005.10.23"]
[Round "2.6"]
[White "Fish, Gennadij"]
[Black "Appel, Ralf"]
[Result "1/2-1/2"]
[WhiteElo "2550"]
[BlackElo "2488"]
[PlyCount "42"]
[EventDate "2005.??.??"]

1. d4 Nf6 2. c4 c6 3. Nc3 d5 4. Nf3 g6 5. e3 Bg7 6. Be2 O-O 7. O-O Nbd7 8. cxd5
Nxd5 9. Bd2 N7f6 10. Rc1 Bf5 11. Qb3 Qb6 12. Qa3 a5 13. Ne5 Qb4 14. Qxb4 axb4
15. Nxd5 Nxd5 16. Bc4 Rfd8 17. Rfe1 Bxe5 18. dxe5 Be6 19. Bxd5 Rxd5 20. Bxb4
Rxe5 21. a3 Kf8 1/2-1/2

[Event "BL 0506 SV Werder Bremen - SV Wattensch"]
[Site "?"]
[Date "2005.10.23"]
[Round "2.7"]
[White "Lemmers, Oscar"]
[Black "Knaak, Rainer"]
[Result "1-0"]
[WhiteElo "2425"]
[BlackElo "2487"]
[PlyCount "81"]
[EventDate "2005.??.??"]

1. e4 e6 2. d4 d5 3. Nd2 c5 4. Ngf3 Nf6 5. e5 Nfd7 6. c3 Nc6 7. Bd3 g6 8. h4 h6
9. O-O Qb6 10. dxc5 Qc7 11. Nb3 Ndxe5 12. Bf4 Bg7 13. Re1 Nxf3+ 14. Qxf3 e5 15.
Bg3 O-O 16. h5 gxh5 17. Qxd5 Be6 18. Qf3 h4 19. Bxh4 f5 20. Qe2 Qf7 21. Nd2 Kh8
22. Bc4 Rae8 23. Rad1 Rg8 24. Bxe6 Rxe6 25. Nc4 Bf8 26. Nd6 Qg6 27. Qf3 e4 28.
Qg3 Qh7 29. Qh3 Ne5 30. Bg3 Ng4 31. Rd5 Bxd6 32. cxd6 Qf7 33. Qh4 f4 34. Bxf4
Qxf4 35. d7 e3 36. f3 Rd6 37. Rxd6 Qxd6 38. fxg4 Kh7 39. Rxe3 Rg5 40. Qe1 Rg7
41. Qb1+ 1-0

[Event "BL 0506 Godesberger SK - TV Tegernsee"]
[Site "?"]
[Date "2005.10.23"]
[Round "2.1"]
[White "Khenkin, Igor"]
[Black "Kasimdzhanov, Rustam"]
[Result "1/2-1/2"]
[WhiteElo "2603"]
[BlackElo "2670"]
[PlyCount "20"]
[EventDate "2005.??.??"]

1. d4 Nf6 2. c4 g6 3. Nc3 Bg7 4. e4 d6 5. Nf3 O-O 6. h3 e5 7. dxe5 dxe5 8. Qxd8
Rxd8 9. Bg5 Nbd7 10. O-O-O Rf8 1/2-1/2

[Event "BL 0506 Godesberger SK - TV Tegernsee"]
[Site "?"]
[Date "2005.10.23"]
[Round "2.2"]
[White "Jenni, Florian"]
[Black "Sokolov, Andrei"]
[Result "1/2-1/2"]
[WhiteElo "2502"]
[BlackElo "2623"]
[PlyCount "47"]
[EventDate "2005.??.??"]

1. e4 c5 2. Nf3 e6 3. d4 cxd4 4. Nxd4 Nf6 5. Nc3 d6 6. g4 h6 7. h4 Be7 8. Rg1
d5 9. exd5 Nxd5 10. Bb5+ Kf8 11. Qf3 Bxh4 12. Nxd5 Qxd5 13. Qxd5 exd5 14. Be3
Bg5 15. f4 Bh4+ 16. Ke2 Be7 17. Rad1 h5 18. Nf5 hxg4 19. Nxe7 Kxe7 20. Bc5+ Kf6
21. Rxd5 Be6 22. Bd4+ Ke7 23. Bc5+ Kf6 24. Bd4+ 1/2-1/2

[Event "BL 0506 Godesberger SK - TV Tegernsee"]
[Site "?"]
[Date "2005.10.23"]
[Round "2.3"]
[White "Ribli, Zoltan"]
[Black "Sprenger, Jan-Michael"]
[Result "1/2-1/2"]
[WhiteElo "2585"]
[BlackElo "2505"]
[PlyCount "83"]
[EventDate "2005.??.??"]

1. c4 Nf6 2. Nc3 e5 3. Nf3 Nc6 4. d3 d5 5. cxd5 Nxd5 6. e3 Be7 7. Be2 O-O 8.
O-O Be6 9. Qc2 f5 10. a3 Kh8 11. Bd2 a5 12. Rfe1 Nb6 13. b3 Bf6 14. Bc1 Qd7 15.
Bb2 Ne7 16. Rac1 Ng6 17. Nb1 Rfc8 18. Nbd2 c5 19. Nc4 Qc7 20. Nxb6 Qxb6 21. Nd2
Qd8 22. g3 b5 23. a4 b4 24. Nc4 Ra7 25. Bh5 Rd7 26. Rcd1 Qc7 27. e4 f4 28. Qe2
Rcd8 29. Kh1 fxg3 30. hxg3 Ne7 31. Kg2 Nc6 32. Rh1 Nd4 33. Bxd4 Rxd4 34. Bg4
Bf7 35. Qf3 Kg8 36. Qf5 Bg6 37. Qe6+ Bf7 38. Qa6 Bxc4 39. dxc4 Rxd1 40. Bxd1
Rd6 41. Qb5 g6 42. Bg4 1/2-1/2

[Event "BL 0506 Godesberger SK - TV Tegernsee"]
[Site "?"]
[Date "2005.10.23"]
[Round "2.4"]
[White "Seel, Christian"]
[Black "Bischoff, Klaus"]
[Result "1/2-1/2"]
[WhiteElo "2492"]
[BlackElo "2555"]
[PlyCount "28"]
[EventDate "2005.??.??"]

1. Nf3 d5 2. d4 Nf6 3. c4 e6 4. Nc3 Nbd7 5. Bf4 dxc4 6. e3 a6 7. Bxc4 b5 8. Bb3
Bd6 9. O-O Bb7 10. Rc1 O-O 11. Ne5 Qe7 12. Qe2 Rfc8 13. Nxd7 Nxd7 14. Bxd6 cxd6
1/2-1/2

[Event "BL 0506 Godesberger SK - TV Tegernsee"]
[Site "?"]
[Date "2005.10.23"]
[Round "2.5"]
[White "Boensch, Uwe"]
[Black "Langheinrich, Ferenc"]
[Result "0-1"]
[WhiteElo "2547"]
[BlackElo "2391"]
[PlyCount "78"]
[EventDate "2005.??.??"]

1. d4 Nf6 2. c4 g6 3. Nc3 Bg7 4. e4 d6 5. Be2 O-O 6. Bg5 Na6 7. Qd2 e5 8. d5
Qe8 9. Bd1 Nh5 10. Nge2 f5 11. f3 Bd7 12. Bc2 Nb4 13. Bb1 a5 14. exf5 gxf5 15.
O-O Kh8 16. a3 Na6 17. Bc2 Rg8 18. f4 Qg6 19. g3 Nc5 20. Rf2 Rae8 21. Raf1 exf4
22. Bxf4 Nf6 23. Bg5 Nfe4 24. Bxe4 Nxe4 25. Nxe4 Rxe4 26. Be3 Qf6 27. Nf4 Qe7
28. Rf3 Re8 29. Bf2 a4 30. Qc2 b6 31. Nh5 Be5 32. Qc1 Rg8 33. Nf4 Bc8 34. Re1
Ba6 35. Nd3 Bg7 36. Rxf5 Rxe1+ 37. Nxe1 Qe2 38. Rf7 Bxc4 39. Rxg7 Qf1# 0-1

[Event "BL 0506 Godesberger SK - TV Tegernsee"]
[Site "?"]
[Date "2005.10.23"]
[Round "2.6"]
[White "Grafl, Florian"]
[Black "Kindermann, Stefan"]
[Result "1/2-1/2"]
[WhiteElo "2413"]
[BlackElo "2535"]
[PlyCount "131"]
[EventDate "2005.??.??"]

1. f4 d5 2. Nf3 g6 3. g3 Bg7 4. Bg2 Nf6 5. O-O O-O 6. d3 c5 7. Nc3 d4 8. Ne4
Nbd7 9. c4 Nxe4 10. dxe4 e5 11. f5 b6 12. g4 Bb7 13. Ne1 h6 14. Nd3 g5 15. Rb1
Nf6 16. Nf2 Ne8 17. Qd3 Nd6 18. b3 a6 19. a4 b5 20. axb5 axb5 21. cxb5 Ra5 22.
Bd2 Rxb5 23. Ra1 Qb6 24. Ra3 Rb8 25. Rfa1 Bc8 26. Qc2 Rxb3 27. Rxb3 Qxb3 28.
Qxc5 Qb2 29. Rd1 Qb6 30. Qxb6 Rxb6 31. e3 Nc4 32. exd4 exd4 33. Nd3 Ne5 34.
Nxe5 Bxe5 35. Be1 Kg7 36. Bf2 Rb4 37. h4 Bb7 38. hxg5 hxg5 39. Be1 Rb3 40. Bf2
Rb4 41. Be1 Ra4 42. Bd2 f6 43. Be1 Kf7 44. Bf3 Ke7 45. Kg2 Kd6 46. Bf2 Kc5 47.
Rc1+ Rc4 48. Rb1 Bc6 49. Rb2 Rc1 50. Rd2 Bb5 51. Bd1 Kc4 52. Kf3 d3 53. Rxd3
Kxd3 54. Be2+ Kc3 55. Bxb5 Bd4 56. Bg3 Kd2 57. Ba6 Rc3+ 58. Kg2 Rc2 59. Kf3
Rc3+ 60. Kg2 Ke3 61. Bf2+ Kxe4 62. Bb7+ Kd3 63. Ba6+ Ke4 64. Bb7+ Kd3 65. Ba6+
Ke4 66. Bb7+ 1/2-1/2

[Event "BL 0506 Godesberger SK - TV Tegernsee"]
[Site "?"]
[Date "2005.10.23"]
[Round "2.7"]
[White "Hertneck, Gerald"]
[Black "Jackelen, Thomas"]
[Result "1/2-1/2"]
[WhiteElo "2539"]
[BlackElo "2454"]
[PlyCount "101"]
[EventDate "2005.??.??"]

1. e4 d5 2. exd5 Qxd5 3. Nc3 Qa5 4. Bc4 Nf6 5. d4 Bg4 6. f3 Bh5 7. Nge2 Nc6 8.
Bd2 O-O-O 9. Nb5 Qb6 10. a4 Nxd4 11. Nbxd4 Rxd4 12. Nxd4 Qxd4 13. Qe2 Qxb2 14.
O-O e6 15. Kh1 Bd6 16. c3 Bg6 17. a5 Qc2 18. g4 Ne4 19. fxe4 Bxe4+ 20. Kg1 Bc5+
21. Rf2 Bc6 22. Bd3 Qb3 23. Bc4 Qc2 24. Be1 Qg6 25. Bb5 Bd5 26. Bd3 f5 27. Rd1
Bc6 28. Kf1 Qh6 29. Qxe6+ Qxe6 30. Bxf5 Bb5+ 31. Kg2 Bc6+ 32. Kh3 Re8 33. Re2
Qxf5 34. Rxe8+ Bxe8 35. gxf5 Bd7 36. Kg4 g6 37. Kg5 Bxf5 38. Kh6 b6 39. axb6
cxb6 40. Kxh7 a5 41. Rd2 Kc7 42. Bf2 Kc6 43. Kg7 b5 44. h4 a4 45. Kf6 Bb1 46.
Bxc5 Kxc5 47. Rd1 Bc2 48. Rd2 Bf5 49. h5 gxh5 50. Kxf5 Kc4 51. Rb2 1/2-1/2

[Event "BL 0506 Godesberger SK - TV Tegernsee"]
[Site "?"]
[Date "2005.10.23"]
[Round "2.8"]
[White "Armbruster, Alexander"]
[Black "Gross, David"]
[Result "0-1"]
[WhiteElo "2376"]
[BlackElo "2467"]
[PlyCount "102"]
[EventDate "2005.??.??"]

1. d4 Nf6 2. Nf3 e6 3. c4 b6 4. e3 Bb7 5. Bd3 d5 6. Nbd2 Bd6 7. O-O O-O 8. b3
Nbd7 9. Bb2 Ne4 10. Rc1 Qe7 11. Bb1 f5 12. Qe2 a5 13. Rfd1 Nxd2 14. Rxd2 Nf6
15. Bd3 dxc4 16. Bxc4 a4 17. Bb5 axb3 18. axb3 Bd5 19. Bc6 Ra2 20. Bxd5 Nxd5
21. g3 Qf7 22. Rdc2 Qh5 23. Kg2 Qg4 24. Ba1 Ra3 25. h3 Qe4 26. Kg1 Nb4 27. Rd2
Qd5 28. Bc3 Rxb3 29. Bxb4 Rxb4 30. Rdc2 h6 31. Nd2 b5 32. Nb1 e5 33. Nc3 Qb7
34. Na2 Rb3 35. Rb2 Rxb2 36. Qxb2 exd4 37. Qxd4 b4 38. Qc4+ Kh8 39. Rb1 Qe4 40.
Qb3 Ra8 41. Rd1 Ra3 42. Qb2 Qc4 43. Rd2 Rb3 44. Qa1 Qe4 45. Qe1 Rb1 46. Rd1 Rb2
47. Nc1 Qf3 48. Nd3 Re2 49. Qf1 Bxg3 50. Rb1 Rd2 51. Rb3 c5 0-1